Química inorgánica /

Guardado en:
Autor Principal: García Micángeli, César R.
Formato: Libro
Publicado: Buenos Aires : Troquel, 1965
Edición:5a. ed.
Materias:
Etiquetas: Agregar Etiqueta
Sin Etiquetas, Sea el primero en etiquetar este registro!
LEADER 00490nam a22001695a 4500
001 CEM.cems002745
005 20060220000000.0
008 130507s1965##################000#0#####d
003 CEMS
082 0 4 |a 546 
100 1 |a García Micángeli, César R. 
245 1 0 |a Química inorgánica /  |c César R. García Micángeli 
250 |a 5a. ed. 
260 |a Buenos Aires :  |b Troquel,  |c 1965 
300 |a 698 p. 
653 |a Quimica inorganica 
859 |a CEMS  |b BIB. CEMS - 11 de abril  |h 546  |i G165a5  |p 3642.75  |t Ej.1